|
|
|
|
| LEADER |
00000nam0a2200000 4500 |
| 001 |
83668 |
| 005 |
20231031100304.0 |
| 010 |
|
|
|b 100 экз.
|
| 021 |
|
|
|a RU
|b 05-42356
|9 05-2093
|
| 035 |
|
|
|a (RuTPU)RU\TPU\book\89963
|
| 090 |
|
|
|a 83668
|
| 100 |
|
|
|a 20051020d2005 km y0rusy5002 ca
|
| 101 |
0 |
|
|a rus
|
| 102 |
|
|
|a RU
|
| 105 |
|
|
|a a z 001zy
|
| 200 |
1 |
|
|a Тысячи ночей лжи и один день правды, или сказки-загадки от Шахерезады для мудрецов и ученых из области науки, религии и быта
|f [Лобанов Ю. А.]
|
| 210 |
|
|
|a Томск
|c Star
|d 2005
|
| 215 |
|
|
|a 246 с.
|d 20 см.
|c ил
|
| 300 |
|
|
|a Авт. указан на обл.
|
| 320 |
|
|
|a Библиогр.: с. 4
|
| 610 |
1 |
|
|a теософия
|
| 610 |
1 |
|
|a эзотерика
|
| 610 |
1 |
|
|a оккультная философия
|
| 610 |
1 |
|
|a наука
|
| 610 |
1 |
|
|a религия
|
| 686 |
|
|
|a Э441
|v LBC/SL-A
|2 rubbk
|
| 700 |
|
1 |
|a Лобанов
|b Ю. А.
|g Юрий Аркадьевич
|4 070
|
| 801 |
|
0 |
|a RU
|b RKP
|c 20050801
|g PSBO
|
| 801 |
|
1 |
|a RU
|b 63413507
|c 20051020
|g PSBO
|
| 801 |
|
2 |
|a RU
|b 63413507
|c 20051028
|g PSBO
|
| 942 |
|
|
|c BK
|